00535nam a2200157Ia 4500999001500000020001500015082001900030245004300049260004800092300001400140504003900154650002900193700001800222942001200240952012500252 c9661d9661 a0333927451 aRR 324.03 INT- 0aInternational encyclopedia of election aBasingstokebMacMillan Reference Ltd.c2000 axxii, 392 aincludes appendix and bibliography aElectionsvEncyclopedias aRose, Richard cBK2ddc 001040708DaNASSDOCbNASSDOCd2016-09-15i2004-10-22l0oRR 324.03 INT-pD000983r2019-04-18 00:00:00w2019-04-18yBK